Statystyki dla Największe aglomeracje w Argentynie

Kliknij tutaj aby rozwiązać quiz!

Ogólne statystyki

  • Ten quiz został rozwiązany 37 razy
  • Średni wynik to 5 z 20

Statystyki odpowiedzi

MiejsceMieszkańcyNazwa% Poprawnych
1.13 588 171Wielkie Buenos Aires
100%
2.1 454 645Wielkie Córdoba
50%
3.1 236 089Wielkie Rosario
47%
6.787 294Wielkie La Plata
36%
4.937 154Wielkie Mendoza
28%
8.539 187Wielkie Salta
22%
10.461 213Wielkie San Juan
22%
9.490 171Wielkie Santa Fe
22%
5.794 327Wielkie San Miguel de Tucumán
19%
7.618 989Aglomeracja Mar del Plata
17%
17.291 327Wielkie Bahía Blanca
14%
12.358 633Aglomeracja Santiago del Estero-La Banda
11%
13.346 344Wielkie Corrientes
11%
18.264 076Wielkie Paraná
11%
15.319 469Wielkie Posadas
11%
11.385 726Wielkie Resistencia
11%
19.209 414Wielkie San Luis
11%
14.341 301Aglomeracja Neuquén-Plottier-Cipolletti
8%
20.197 413Wielkie San Fernando del Valle de Catamarca
8%
16.310 106Wielkie San Salvador de Jujuy
6%

Rozkład punktacji

Percentyl według liczby udzielonych odpowiedzi

Procent ludzi z każdym wynikiem

Twoja historia wyników

Nie rozwiązałeś tego quizu